[Event "CAN-ch U16"]
[Site "Vancouver"]
[Date "2012.07.05"]
[Round "5"]
[White "Sohal, Tanraj"]
[Black "Song, Lin"]
[Result "1-0"]
[WhiteElo "2202"]
[BlackElo "1954"]
[PlyCount "85"]
[EventDate "2012.07.03"]
[EventType "swiss"]
[EventRounds "7"]
[EventCountry "CAN"]
[SourceTitle "EXT 2022"]
[Source "ChessBase"]
[SourceDate "2021.10.06"]
[SourceVersion "1"]
[SourceVersionDate "2021.10.06"]
[SourceQuality "1"]

1. d4 Nf6 2. c4 g6 3. Nc3 Bg7 4. e4 d6 5. Nf3 0-0 6. Be2 e5 7. 0-0 Nc6 8. d5 Ne7 9. Ne1 Nd7 10. Nd3 f5 11. Bd2 f4 12. Bg4 Nf6 13. Bxc8 Rxc8 14. c5 g5 15. f3 Ne8 16. Qb3 Rb8 17. Rac1 Rf6 18. Nb5 a6 19. Na3 Rg6 20. Nc4 Kh8 21. cxd6 Nxd6 22. Ncxe5 Rf6 23. a4 Ng6 24. Bc3 Nxe5 25. Bxe5 Rf7 26. Bxg7+ Rxg7 27. Nc5 Qf6 28. Ne6 Rf7 29. Qc3 Qxc3 30. Rxc3 Rg8 31. Nxc7 g4 32. Kh1 gxf3 33. gxf3 Rfg7 34. Ne6 Rg2 35. Nxf4 Rxb2 36. Rg1 Ra2 37. Rxg8+ Kxg8 38. e5 Nf5 39. d6 Kf7 40. Rc7+ Ke8 41. d7+ Ke7 42. Ne6 Ra1+ 43. Kg2 1-0

[Event "Scarborough CC Winter End"]
[Site "Toronto"]
[Date "2012.03.15"]
[Round "5"]
[White "Song, Michael"]
[Black "Song, Lin"]
[Result "1-0"]
[WhiteElo "2184"]
[BlackElo "1876"]
[PlyCount "68"]
[EventDate "2012.02.16"]
[EventType "swiss"]
[EventRounds "5"]
[EventCountry "CAN"]
[SourceTitle "EXT 2022"]
[Source "ChessBase"]
[SourceDate "2021.10.06"]
[SourceVersion "1"]
[SourceVersionDate "2021.10.06"]
[SourceQuality "1"]

1. d4 Nf6 2. c4 g6 3. g3 Bg7 4. Bg2 0-0 5. Nc3 d6 6. Nf3 Na6 7. 0-0 c5 8. d5 Nc7 9. Qc2 Rb8 10. Re1 e6 11. e4 exd5 12. cxd5 h6 13. b3 Kh7 14. Be3 b6 15. Rad1 Ng8 16. Bf4 Bb7 17. e5 Ne8 18. Nb5 dxe5 19. Nxe5 Ra8 20. d6 Bxg2 21. Kxg2 a6 22. d7 Bxe5 23. Rxe5 Nef6 24. Nc3 Nxd7 25. Red5 Ngf6 26. Rd6 Qe7 27. Qd2 Ne5 28. Qe2 Qb7+ 29. f3 Ned7 30. Ne4 Rfe8 31. Qc4 Kg7 32. Qc3 Kh7 33. Rxd7 Nxe4 34. Qc4 Nf6 1-0

[Event "Scarborough CC-ch Reserves"]
[Site "Toronto"]
[Date "2011.03.11"]
[Round "6"]
[White "Song, Lin"]
[Black "Armstrong, Robert J"]
[Result "1-0"]
[WhiteElo "1796"]
[BlackElo "1715"]
[PlyCount "90"]
[EventDate "2011.02.24"]
[EventType "swiss"]
[EventRounds "9"]
[EventCountry "CAN"]
[SourceTitle "EXT 2022"]
[Source "ChessBase"]
[SourceDate "2021.10.06"]
[SourceVersion "1"]
[SourceVersionDate "2021.10.06"]
[SourceQuality "1"]

1. e4 g6 2. d4 Bg7 3. f4 d6 4. Nf3 Nf6 5. Bd3 0-0 6. 0-0 c5 7. c3 cxd4 8. cxd4 Qb6 9. Nc3 Nc6 10. Na4 Qa5 11. Bd2 Qh5 12. d5 Nd4 13. Nxd4 Ng4 14. Nf3 Bd4+ 15. Kh1 Nf2+ 16. Rxf2 Bxf2 17. Be2 Qh6 18. f5 Qg7 19. Bc3 Qh6 20. Qf1 Bg3 21. Bd3 Bf4 22. Bd4 Qh5 23. Re1 f6 24. fxg6 hxg6 25. Be3 Bg3 26. Bf2 Bf4 27. Be3 Bg3 28. Rc1 Bg4 29. Kg1 Be5 30. h3 Bd7 31. Bb5 Bxb5 32. Qxb5 f5 33. exf5 Rxf5 34. Rc4 Bg3 35. Qxb7 Raf8 36. Rg4 Rxf3 37. gxf3 Qxh3 38. Rxg6+ Kf7 39. Rg5 Bh2+ 40. Kf2 Be5 41. Qb4 Rg8 42. Rxg8 Kxg8 43. Qg4+ Qxg4 44. fxg4 Kf7 45. Bxa7 Kg6 1-0

[Event "Scarborough CC Falling Leaves U2000"]
[Site "Toronto"]
[Date "2010.11.25"]
[Round "5"]
[White "Armstrong, Robert J"]
[Black "Song, Lin"]
[Result "1/2-1/2"]
[WhiteElo "1794"]
[BlackElo "1677"]
[PlyCount "87"]
[EventDate "2010.10.28"]
[EventType "swiss"]
[EventRounds "7"]
[EventCountry "CAN"]
[SourceTitle "EXT 2022"]
[Source "ChessBase"]
[SourceDate "2021.10.06"]
[SourceVersion "1"]
[SourceVersionDate "2021.10.06"]
[SourceQuality "1"]

1. d4 Nf6 2. c4 g6 3. Nc3 Bg7 4. e4 d6 5. f3 0-0 6. Be3 Nc6 7. Nge2 e5 8. d5 Ne7 9. g4 c5 10. Qd2 Bd7 11. Bh6 Nc8 12. h4 Nb6 13. Ng3 Qe7 14. h5 Rfe8 15. Bxg7 Kxg7 16. hxg6 fxg6 17. Qh6+ Kh8 18. g5 Ng8 19. Qxg6 Rf8 20. Be2 Be8 21. Qe6 Qxg5 22. Nf5 Rf6 23. f4 exf4 24. Qxf6+ Qxf6 25. 0-0-0 Bd7 26. Bg4 Nxc4 27. Rh5 Bxf5 28. Bxf5 h6 29. Rdh1 Ne3 30. Be6 Kg7 31. Rg1+ Kh7 32. Bf5+ Nxf5 33. Rxf5 Qd4 34. Rf7+ Kh8 35. Rg6 Qe3+ 36. Kc2 Qd4 37. Rxd6 c4 38. Rdd7 Qd3+ 39. Kc1 Qe3+ 40. Kc2 Qd3+ 41. Kc1 Qf1+ 42. Kc2 Qg2+ 43. Kc1 Qg6 44. e5 1/2-1/2

[Event "Scarborough CC LH Summer U1700"]
[Site "Toronto"]
[Date "2010.06.10"]
[Round "6"]
[White "Song, Lin"]
[Black "Walker, Johnny"]
[Result "1-0"]
[WhiteElo "1448"]
[BlackElo "1543"]
[PlyCount "67"]
[EventDate "2010.04.29"]
[EventType "swiss"]
[EventRounds "8"]
[EventCountry "CAN"]
[SourceTitle "EXT 2022"]
[Source "ChessBase"]
[SourceDate "2021.10.06"]
[SourceVersion "1"]
[SourceVersionDate "2021.10.06"]
[SourceQuality "1"]

1. e4 d6 2. d4 Nf6 3. Nc3 Nbd7 4. Be3 e5 5. d5 Be7 6. Bd3 0-0 7. f3 Re8 8. Nge2 Nf8 9. Qd2 Ng6 10. g3 Bh3 11. Rg1 Bd7 12. Bc4 a6 13. a4 c5 14. b3 Rb8 15. Qd3 Qa5 16. Kf2 Rec8 17. Rgb1 h5 18. Bd2 Qd8 19. Ng1 h4 20. Qf1 hxg3+ 21. hxg3 Nh5 22. Qg2 Bg5 23. Bxg5 Qxg5 24. Rd1 b5 25. axb5 axb5 26. Bd3 b4 27. Nce2 f5 28. Nh3 Qf6 29. exf5 Bxf5 30. Bxf5 Qxf5 31. g4 Qxc2 32. gxh5 Nf4 33. Nhxf4 exf4 34. Rg1 1-0